000 00659nam a22002417a 4500
003 OSt
005 20220924113709.0
006 a|||||r|||| 00| 0
007 ta
008 220923b |||||||| |||| 00| 0 eng d
024 _a9316
037 _cGeneral Books
040 _aARTS
_cARTS
_beng
041 _2eng
_aeng
082 _aO153:g, M6
100 _aਗਿਲ, ਮਹਿੰਦਰ ਸਿੰਘ
245 0 _aਅੰਤਰਮੁਖੀ
260 _c1986
300 _ap.
650 _aਪੰਜਾਬੀ ਸਾਹਿਤ
942 _hO153:g, M6
_cGB
_2CC
999 _c390498
_d390498